Quality assurance in the hospitality industry

Bibliographic Details
Main Author: Hall, Stephen S.J
Format: Book
Published: New York : Quality Resources , 1990
Subjects:

MARC

LEADER 00000cam a2200000 7i4500
001 0000001180
002 000001302
005 20000330.0
020 |a 0527916536 
090 0 0 |a 647.068   |b HAL 
100 1 |a Hall, Stephen S.J 
245 1 0 |a Quality assurance in the hospitality industry   |c Stephen S.J. Hall 
260 |a New York :   |b Quality Resources ,   |c 1990 
300 |a 289p. ;   |c 23cm. 
650 0 0 |a Hospitality industry   |x Quality control 
650 0 0 |a Quality assurance 
999 |a 030842   |b BUKU   |c PINJAMAN   |e PERPUSTAKAAN KOMUNITI PETALING JAYA